| 000 | 00355nam a2200145Ia 4500 | ||
|---|---|---|---|
| 008 | 191201s2004 xx 000 0 und d | ||
| 082 |
_a621.3815 _bDHE |
||
| 100 | _aDHIR, S M | ||
| 245 | 0 | _aElectronic Components and Materials | |
| 250 | _a3rd | ||
| 260 |
_aN.Delhi _bTata Mc Graw Hill _c2004 |
||
| 300 | _a380 | ||
| 650 | _aB.Tech(ECE) | ||
| 942 |
_2ddc _cBK |
||
| 999 |
_c1024 _d1024 |
||